[Event "1st 4NCL International"]
[Site "Telford"]
[Date "2018.11.01"]
[Round "2"]
[Board "15"]
[White "Brockes, Jeremy P"]
[Black "Pert, Max P"]
[Result "1-0"]
[WhiteElo "1492"]
[BlackElo "1393"]
[PlyCount "52"]
[EventDate "2018.10.31"]
[EventRounds "9"]
[EventCountry "ENG"]

1. Nf3 d5 2. d4 Nf6 3. c4 e6 4. g3 Bd7 5. Bg2 c5 6. cxd5 exd5 7. O-O Nc6 8. Nc3
Qc8 9. Bf4 h5 10. Nb5 Kd8 11. h4 Bh3 12. dxc5 Bxc5 13. Rc1 b6 14. Ng5 Be6 15.
e4 Qd7 16. Nc7 Rc8 17. exd5 Rxc7 18. dxc6 Bg4 19. cxd7 Bxd1 20. Bxc7+ Kxc7 21.
Rfxd1 Nxd7 22. b4 Rf8 23. bxc5 Nxc5 24. Ne4 Rc8 25. Nxc5 bxc5 26. Rxc5+ Kb8  1-0

[Event "1st 4NCL International"]
[Site "Telford"]
[Date "2018.11.01"]
[Round "3"]
[Board "1"]
[White "Shetty, Yash"]
[Black "Mellor, Peter"]
[Result "1-0"]
[WhiteElo "1286"]
[BlackElo "1427"]
[PlyCount "63"]
[EventDate "2018.10.31"]
[EventRounds "9"]
[EventCountry "ENG"]

1. g3 g6 2. Bg2 Bg7 3. d4 d6 4. e4 Nc6 5. Nf3 Bg4 6. Be3 f5 7. exf5 Bxf5 8. Nc3
Nf6 9. O-O O-O 10. d5 Nb4 11. Nd4 Qd7 12. a3 Na6 13. Nxf5 Qxf5 14. Ne2 Ng4 15.
Bd4 Ne5 16. f4 Ng4 17. Bxg7 Kxg7 18. Nd4 Qh5 19. h3 Ne3 20. Ne6+ Kg8 21. Qd4
Nf5 22. Qc3 Qe2 23. Rae1 Qb5 24. g4 Qb6+ 25. Kh2 Rf6 26. gxf5 gxf5 27. b4 Rc8
28. Ng5 Re8 29. Rxe7 Ref8 30. Nxh7 R6f7 31. Nf6+ Rxf6 32. Qg3+  1-0

[Event "1st 4NCL International"]
[Site "Telford"]
[Date "2018.11.01"]
[Round "3"]
[Board "3"]
[White "Hirst, Joe"]
[Black "Tarr, Steve F"]
[Result "1-0"]
[WhiteElo "1425"]
[BlackElo "1728"]
[PlyCount "47"]
[EventDate "2018.10.31"]
[EventRounds "9"]
[EventCountry "ENG"]

1. e4 c5 2. Nf3 d6 3. d4 cxd4 4. Nxd4 Nf6 5. Nc3 g6 6. Be2 Bg7 7. O-O O-O 8.
Be3 Nc6 9. Nb3 Be6 10. f4 Qc8 11. h3 Rd8 12. Bf3 a5 13. a4 Nd7 14. Qc1 Bxb3 15.
cxb3 Nd4 16. Bxd4 Bxd4+ 17. Kh1 Nc5 18. Nd5 Kf8 19. f5 Nxb3 20. Qh6+ Bg7 21.
Qxh7 Nxa1 22. fxg6 f6 23. Bg4 Qc4 24. Be6  1-0

[Event "1st 4NCL International"]
[Site "Telford"]
[Date "2018.11.01"]
[Round "3"]
[Board "4"]
[White "Neil, Graham"]
[Black "Sandhu, Manvith"]
[Result "1/2-1/2"]
[WhiteElo "1660"]
[BlackElo "1483"]
[PlyCount "58"]
[EventDate "2018.10.31"]
[EventRounds "9"]
[EventCountry "ENG"]

1. d4 d5 2. e3 Nf6 3. Nc3 c5 4. Nf3 Bg4 5. Bb5+ Nc6 6. h3 Bh5 7. g4 Bg6 8. Ne5
Qc7 9. Nxg6 fxg6 10. g5 Ne4 11. Nxe4 dxe4 12. Bxc6+ Qxc6 13. c3 Rd8 14. Qg4 Qd5
15. dxc5 e5 16. Qe2 Qxc5 17. Bd2 Be7 18. Rg1 O-O 19. h4 Qd5 20. c4 Qf7 21. b3
Qf5 22. Bc3 Bd6 23. Rd1 Bc7 24. Rxd8 Bxd8 25. Rg4 Bc7 26. Rg3 a6 27. Bb4 Rf7
28. Rg2 Qh3 29. Qg4 Rf3  1/2-1/2

[Event "1st 4NCL International"]
[Site "Telford"]
[Date "2018.11.01"]
[Round "3"]
[Board "5"]
[White "Monga, Kanav"]
[Black "Bamford, Paul"]
[Result "0-1"]
[WhiteElo "1337"]
[BlackElo "1578"]
[PlyCount "98"]
[EventDate "2018.10.31"]
[EventRounds "9"]
[EventCountry "ENG"]

1. d4 Nf6 2. Bf4 c5 3. e3 Qb6 4. Nc3 a6 5. Na4 Qa5+ 6. c3 cxd4 7. exd4 d6 8.
Qf3 Qxa4 9. Qe3 Nd5 10. Qe4 Nxf4 11. Qxf4 g6 12. Nf3 Bg7 13. Bd3 Nd7 14. O-O
O-O 15. Rfe1 Re8 16. Ng5 Nf6 17. b3 Qa5 18. Bc4 d5 19. b4 Qd8 20. Bb3 h6 21.
Nf3 e6 22. Re2 Bd7 23. Rae1 Rc8 24. Qd2 Ne4 25. Qf4 Qc7 26. Ne5 Bxe5 27. dxe5
g5 28. Qc1 Qxc3 29. Rc2 Qxb4 30. f3 Rxc2 31. Bxc2 Qb6+ 32. Re3 Nc3 33. Kh1 Nxa2
34. Qd2 Nb4 35. Rb3 a5 36. h4 Qd8 37. Bb1 f5 38. exf6 Qxf6 39. Rc3 Rc8 40.
Rxc8+ Bxc8 41. h5 Bd7 42. Qe3 d4 43. Qe4 Qf5 44. Qe1 Qf7 45. Bg6 Qf4 46. Qb1
Qf6 47. Qe4 Bc6 48. Qe1 Qe7 49. Qb1 Nd5  0-1

[Event "1st 4NCL International"]
[Site "Telford"]
[Date "2018.11.01"]
[Round "3"]
[Board "6"]
[White "Morris, Nigel W"]
[Black "Cordova Lopez, Diego Anton"]
[Result "1/2-1/2"]
[WhiteElo "1455"]
[BlackElo "1447"]
[PlyCount "50"]
[EventDate "2018.10.31"]
[EventRounds "9"]
[EventCountry "ENG"]

1. Nf3 d5 2. c4 dxc4 3. e3 Nf6 4. Bxc4 e6 5. Nc3 Be7 6. Qe2 O-O 7. O-O b6 8.
Rd1 Bb7 9. d4 Bd6 10. e4 Be7 11. Bf4 c6 12. h3 b5 13. Bd3 Qb6 14. a3 Re8 15. e5
Nd5 16. Nxd5 exd5 17. Ng5 g6 18. Bc2 c5 19. dxc5 Bxc5 20. b4 Bf8 21. Qg4 Bg7
22. Qg3 Nd7 23. Qg4 Nb8 24. Qh4 h5 25. g4 Nd7  1/2-1/2

[Event "1st 4NCL International"]
[Site "Telford"]
[Date "2018.11.01"]
[Round "3"]
[Board "7"]
[White "Stubbs, John"]
[Black "Duffell, Andrew"]
[Result "0-1"]
[WhiteElo "1090"]
[BlackElo "1630"]
[PlyCount "34"]
[EventDate "2018.10.31"]
[EventRounds "9"]
[EventCountry "ENG"]

1. d4 Nf6 2. Bf4 d5 3. e3 c5 4. c3 Nc6 5. Nd2 e6 6. Ngf3 Bd6 7. Ne5 cxd4 8.
exd4 Qc7 9. Qe2 O-O 10. Ndf3 Ne4 11. Qe3 Bd7 12. Bd3 f6 13. Bxe4 dxe4 14. Nh4
fxe5 15. dxe5 Nxe5 16. Qxe4 Rxf4 17. Qe3 Bc5  0-1

[Event "1st 4NCL International"]
[Site "Telford"]
[Date "2018.11.01"]
[Round "3"]
[Board "8"]
[White "Pert, Nina P"]
[Black "Parry, Samuel A"]
[Result "1-0"]
[WhiteElo "1438"]
[BlackElo "1518"]
[PlyCount "39"]
[EventDate "2018.10.31"]
[EventRounds "9"]
[EventCountry "ENG"]

1. e4 c5 2. Nf3 d6 3. d4 cxd4 4. Nxd4 Nf6 5. Nc3 g6 6. f4 Nc6 7. Nxc6 bxc6 8.
e5 Nd7 9. exd6 exd6 10. Be3 Be7 11. Qf3 Qc7 12. Bd3 Nf6 13. O-O O-O 14. f5 Rb8
15. Bh6 Bb7 16. Bxf8 Rxf8 17. Rae1 d5 18. fxg6 hxg6 19. Rxe7 Qxe7 20. Qxf6  1-0

[Event "1st 4NCL International"]
[Site "Telford"]
[Date "2018.11.01"]
[Round "3"]
[Board "9"]
[White "Waller, John"]
[Black "Maurus, Pavel"]
[Result "1-0"]
[WhiteElo "1495"]
[BlackElo "1150"]
[PlyCount "89"]
[EventDate "2018.10.31"]
[EventRounds "9"]
[EventCountry "ENG"]

1. e4 g6 2. d4 Bg7 3. Nf3 d6 4. Be3 c5 5. c3 Nd7 6. Nbd2 Ngf6 7. Bd3 b6 8. e5
dxe5 9. dxe5 Ng4 10. Bb5 Ngxe5 11. Nxe5 Bxe5 12. Bh6 Bb7 13. O-O Qc7 14. f4 Bd6
15. Nc4 O-O-O 16. Qa4 a5 17. Rad1 Nf6 18. Nxd6+ exd6 19. Bg7 Ng4 20. Bxh8 Ne3
21. Bf6 Bxg2 22. Ba6+ Bb7 23. Rde1 Bxa6 24. Rxe3 b5 25. Bxd8 bxa4 26. Bxc7 Bxf1
27. Kxf1 Kxc7 28. Re7+ Kc6 29. c4 d5 30. cxd5+ Kxd5 31. Ke2 f5 32. Kd3 c4+ 33.
Kc3 h6 34. Re5+ Kd6 35. h4 h5 36. Kxc4 g5 37. hxg5 h4 38. Re8 h3 39. Rh8 h2 40.
Rxh2 Ke6 41. Rh6+ Kf7 42. Kd5 Kg7 43. Ke6 Kg8 44. Kf6 Kf8 45. Rh8#  1-0

[Event "1st 4NCL International"]
[Site "Telford"]
[Date "2018.11.01"]
[Round "3"]
[Board "11"]
[White "Szwajkun, Steve"]
[Black "Robinson, Brian"]
[Result "1/2-1/2"]
[WhiteElo "1345"]
[BlackElo "1557"]
[PlyCount "140"]
[EventDate "2018.10.31"]
[EventRounds "9"]
[EventCountry "ENG"]

1. e4 e6 2. Nf3 c5 3. d3 Nc6 4. Nbd2 d5 5. Qe2 Nf6 6. g3 Be7 7. Bg2 O-O 8. b3
b5 9. a3 a5 10. Bb2 Qc7 11. c4 bxc4 12. bxc4 d4 13. O-O Rb8 14. Rab1 Ba6 15.
Rfe1 Rb6 16. Bc1 Rfb8 17. Rxb6 Rxb6 18. h3 e5 19. Nh4 g6 20. Ndf3 Qb8 21. Bh6
Rb2 22. Nd2 Kh8 23. Bg5 Kg7 24. Qd1 h6 25. Bxf6+ Bxf6 26. Nhf3 Qb6 27. h4 Bc8
28. Qa1 Bd7 29. Rb1 Rxb1+ 30. Nxb1 Qb3 31. Ne1 Bd8 32. Nd2 Qb8 33. Qa2 a4 34.
Nef3 Na5 35. Nh2 Nb3 36. Ndf3 Ba5 37. g4 Bc3 38. Qb1 f6 39. Bh3 Qb7 40. Kg2 Na5
41. Qxb7 Nxb7 42. g5 Bxh3+ 43. Kxh3 hxg5 44. hxg5 Bb2 45. gxf6+ Kxf6 46. Ng4+
Kg7 47. Ngxe5 Bxa3 48. Nd2 Bb2 49. f4 a3 50. Nb3 a2 51. Nc6 Kf6 52. Kg4 a1=Q
53. Nxa1 Bxa1 54. e5+ Kf7 55. f5 gxf5+ 56. Kxf5 Bc3 57. e6+ Ke8 58. Ke5 Be1 59.
Kd5 Bg3 60. Ne5 Bxe5 61. Kxe5 Ke7 62. Kd5 Nd8 63. Kxc5 Nxe6+ 64. Kd5 Kd7 65. c5
Nc7+ 66. Kxd4 Kc6 67. Kc4 Nd5 68. d4 Nc7 69. Kd3 Kd5 70. Ke3 Ne6  1/2-1/2

[Event "1st 4NCL International"]
[Site "Telford"]
[Date "2018.11.01"]
[Round "3"]
[Board "12"]
[White "Fraser, Chris A"]
[Black "Hawthorne, Julian N"]
[Result "1-0"]
[WhiteElo "1592"]
[BlackElo "1332"]
[PlyCount "93"]
[EventDate "2018.10.31"]
[EventRounds "9"]
[EventCountry "ENG"]

1. Nf3 d5 2. c4 c6 3. g3 e6 4. Bg2 Nf6 5. O-O Bc5 6. d4 Be7 7. Qc2 O-O 8. Nbd2
Nbd7 9. e4 dxe4 10. Nxe4 Nxe4 11. Qxe4 Nf6 12. Qc2 h6 13. Bf4 Bd6 14. Bxd6 Qxd6
15. Rfd1 Qe7 16. Rac1 Bd7 17. c5 Rfc8 18. Ne5 Nd5 19. Qe2 Re8 20. Nc4 Red8 21.
Nd6 b6 22. Be4 f5 23. Bxd5 cxd5 24. Nxf5 Qf6 25. Nd6 bxc5 26. dxc5 Qf8 27. Kg2
Kh8 28. Qh5 Be8 29. Nxe8 Rxe8 30. Qe5 Qf6 31. Qxf6 gxf6 32. b4 a6 33. a4 Rec8
34. c6 Ra7 35. Rc5 Kg7 36. Kf1 Kf7 37. Rdc1 Ke7 38. b5 axb5 39. axb5 Ra5 40. b6
Rxc5 41. Rxc5 Kd8 42. b7 Kc7 43. bxc8=Q+ Kxc8 44. c7 d4 45. Ke2 e5 46. Kd3 h5
47. f4  1-0

[Event "1st 4NCL International"]
[Site "Telford"]
[Date "2018.11.01"]
[Round "3"]
[Board "13"]
[White "Fisher, Neal"]
[Black "Maladkar, Lavanya"]
[Result "0-1"]
[WhiteElo "1434"]
[BlackElo "1656"]
[PlyCount "84"]
[EventDate "2018.10.31"]
[EventRounds "9"]
[EventCountry "ENG"]

1. d4 d5 2. Nf3 Nc6 3. c3 Nf6 4. Bf4 Nh5 5. Bg5 h6 6. Bh4 g5 7. Bg3 Nxg3 8.
hxg3 Bg7 9. Qc2 e5 10. dxe5 Nxe5 11. Nbd2 g4 12. Nxe5 Bxe5 13. e3 Qe7 14. O-O-O
Be6 15. Nb3 O-O-O 16. Nd4 Qf6 17. Nxe6 Qxe6 18. Bd3 Kb8 19. Bf5 Qa6 20. a3 h5
21. Bd3 Qf6 22. Rh4 Qg5 23. Kb1 c5 24. Bf5 d4 25. cxd4 cxd4 26. e4 Qf6 27. Qd3
Rd6 28. Rdh1 Qg5 29. Qc4 Rc6 30. Qd5 Bf6 31. Bxg4 Qd2 32. Rxh5 Qc2+ 33. Ka1 Rd8
34. Qa2 d3 35. Rd5 Rxd5 36. exd5 Rb6 37. Rb1 d2 38. Bd1 Bxb2+ 39. Rxb2 Qxd1+
40. Qb1 Qxb1+ 41. Rxb1 Rxb1+ 42. Kxb1 d1=Q+  0-1

[Event "1st 4NCL International"]
[Site "Telford"]
[Date "2018.11.01"]
[Round "3"]
[Board "14"]
[White "Gorgun, Arif Asil"]
[Black "Turner, Sam"]
[Result "0-1"]
[WhiteElo "962"]
[BlackElo "1510"]
[PlyCount "82"]
[EventDate "2018.10.31"]
[EventRounds "9"]
[EventCountry "ENG"]

1. e4 c5 2. Nf3 g6 3. Bc4 Bg7 4. O-O Nc6 5. d4 cxd4 6. c3 Qb6 7. a4 d6 8. a5
Nxa5 9. b3 Nxc4 10. bxc4 dxc3 11. Qc2 Qc6 12. Nxc3 Be6 13. Nd2 Bxc4 14. Ne2
Bxe2 15. Qxc6+ bxc6 16. Re1 Bxa1 17. Rxe2 Rb8 18. Ba3 Bb2 19. Bxb2 Rxb2 20. h3
a5 21. Re1 Rxd2 22. Ra1 Kd7 23. Kh1 Kc7 24. Kg1 Kb6 25. Kh1 Rb2 26. Kg1 c5 27.
Kf1 Nf6 28. Ke1 c4 29. Kd1 Nxe4 30. Kc1 c3 31. f3 Ng3 32. Ra3 Ne2+ 33. Kd1 Rd2+
34. Ke1 Rb2 35. Kd1 c2+ 36. Kxe2 c1=Q+ 37. Kd3 Qc2+ 38. Ke3 f5 39. Kf4 Qd2+ 40.
Kg3 Qg5+ 41. Kh2 Qxg2#  0-1

[Event "1st 4NCL International"]
[Site "Telford"]
[Date "2018.11.01"]
[Round "3"]
[Board "15"]
[White "Fancourt, Leslie J"]
[Black "Maurus, Mickey"]
[Result "0-1"]
[WhiteElo "1570"]
[BlackElo "1435"]
[PlyCount "68"]
[EventDate "2018.10.31"]
[EventRounds "9"]
[EventCountry "ENG"]

1. e4 c6 2. d4 d5 3. Nc3 dxe4 4. Nxe4 Bf5 5. Ng3 Bg6 6. N1e2 Nd7 7. Nf4 Ngf6 8.
Bc4 e6 9. h4 Be4 10. Nxe4 Nxe4 11. Qf3 Nef6 12. Be3 Be7 13. O-O-O O-O 14. Bd3
Qa5 15. Kb1 Rac8 16. g4 Nd5 17. c3 Qb6 18. Nxd5 cxd5 19. Bd2 Ba3 20. b3 a5 21.
Bc2 Rc7 22. g5 Rfc8 23. Qd3 f5 24. gxf6 Nxf6 25. h5 a4 26. Rdg1 axb3 27. axb3
Ne4 28. f3 Nxd2+ 29. Qxd2 Rxc3 30. Qg2 Qxd4 31. Bxh7+ Kxh7 32. Qg6+ Kh8 33. h6
Rxb3+ 34. Ka2 Qb2#  0-1

[Event "1st 4NCL International"]
[Site "Telford"]
[Date "2018.11.01"]
[Round "3"]
[Board "16"]
[White "Steel, Martin J"]
[Black "Pert, Max P"]
[Result "1-0"]
[WhiteElo "1487"]
[BlackElo "1393"]
[PlyCount "103"]
[EventDate "2018.10.31"]
[EventRounds "9"]
[EventCountry "ENG"]

1. e4 c6 2. d4 d5 3. e5 c5 4. c3 Nc6 5. Be3 Bf5 6. Nf3 c4 7. Nbd2 e6 8. Be2
Nge7 9. O-O h6 10. Re1 Ng6 11. Nf1 Be7 12. Ng3 Bg4 13. h3 Bxf3 14. Bxf3 Bh4 15.
Nh5 O-O 16. Qd2 Qc7 17. Bxh6 gxh6 18. Qxh6 f6 19. Qxg6+ Kh8 20. exf6 Rf7 21.
Rxe6 Rg8 22. Qh6+ Rh7 23. Qe3 Qd7 24. Re1 Qf7 25. Re8 Qg6 26. Rxg8+ Qxg8 27.
Qe8 Rf7 28. Qxg8+ Kxg8 29. Bxd5 Kf8 30. Bxf7 Kxf7 31. g3 Bg5 32. f4 Bxf6 33.
Nxf6 Kxf6 34. g4 Kg6 35. Re6+ Kg7 36. Rxc6 bxc6 37. Kg2 Kg6 38. Kf3 Kf6 39. Ke4
a6 40. h4 a5 41. g5+ Kg7 42. f5 Kf7 43. Ke5 Kg7 44. f6+ Kf7 45. h5 a4 46. a3
Kf8 47. g6 Kg8 48. f7+ Kg7 49. h6+ Kf8 50. h7 Kg7 51. h8=Q+ Kxh8 52. f8=Q#  1-0